100 Biggest Cities in Ireland with a Map - Statistics

General Stats
  • This quiz has been taken 3,672 times
  • The average score is 33 of 100
Answers on the Map
Answers color-coded by a green-red scale on the quiz's map according to % correct below.
 
Answer Stats
Population City % Correct
1,173,179 Dublin
99%
208,669 Cork
96%
79,934 Galway
87%
94,192 Limerick
86%
53,504 Waterford
77%
19,199 Sligo
67%
20,188 Wexford
66%
26,512 Kilkenny
64%
39,004 Dundalk
56%
40,956 Drogheda
55%
8,040 New Ross
51%
9,943 Rush
51%
25,276 Ennis
49%
23,691 Tralee
49%
10,584 Wicklow
49%
32,600 Bray
48%
24,272 Carlow
48%
10,914 Cavan
48%
14,504 Killarney
48%
19,274 Letterkenny
48%
8,634 Kildare
46%
39,248 Swords
46%
21,349 Athlone
45%
4,979 Tipperary
45%
12,800 Cobh
42%
10,008 Longford
42%
7,678 Monaghan
42%
21,393 Naas
41%
30,173 Navan
41%
5,876 Roscommon
41%
12,068 Castlebar
40%
4,592 Clonakilty
40%
20,928 Mullingar
40%
6,198 Westport
39%
12,459 Mallow
38%
9,729 Shannon
38%
22,050 Portlaoise
37%
10,171 Ballina
34%
5,771 Carrick-on-Suir
34%
14,607 Tullamore
34%
18,140 Greystones
33%
13,163 Arklow
32%
17,140 Clonmel
31%
22,742 Droichead Nua
30%
8,767 Tuam
30%
4,445 Athenry
28%
7,963 Youghal
28%
14,585 Maynooth
27%
7,940 Thurles
27%
21,722 Balbriggan
26%
9,227 Dungarvan
26%
9,822 Gorey
26%
5,281 Kinsale
26%
16,550 Malahide
26%
4,422 Cashel
25%
11,381 Enniscorthy
25%
8,968 Nenagh
25%
10,381 Tramore
25%
9,194 Trim
25%
6,619 Newcastle West
24%
4,370 Birr
23%
20,288 Celbridge
23%
15,504 Leixlip
23%
10,043 Skerries
23%
6,785 Buncrana
22%
6,135 Kells
22%
12,679 Ashbourne
21%
4,820 Listowel
21%
12,496 Midleton
21%
4,928 Ardee
20%
9,677 Athy
20%
6,662 Ballinasloe
20%
6,957 Bandon
20%
6,585 Fermoy
20%
4,990 Oranmore
20%
4,852 Ballybofey and Stranorlar
19%
7,786 Lusk
19%
5,446 Roscrea
18%
15,770 Carrigaline
17%
11,872 Laytown
17%
5,556 Loughrea
17%
8,368 Portarlington
17%
9,466 Portmarnock
17%
5,032 Carrickmacross
16%
7,272 Dunboyne
15%
4,673 Tullow
15%
5,520 Blessington
14%
7,280 Clane
14%
6,093 Kilcock
14%
5,849 Sallins
14%
7,443 Donabate
13%
7,359 Edenderry
13%
5,843 Passage West
12%
5,080 Carrigtwohill
11%
4,246 Monasterevin
11%
4,777 Mountmellick
11%
9,533 Ratoath
11%
4,239 Kilcoole
10%
4,351 Rathcoole
10%
6,643 Kinsealy
8%
No matching quizzes found
Score Distribution
Percent of People with Each Score
Percentile by Number Answered
Your Score History
You have not taken this quiz